Online
Catalog

De la leyenda al relato Fantástico / (Record no. 39508)

MARC details
000 -CABECERA
campo de control de longitud fija 00662nam a2200181 a 4500
001 - NÚMERO DE CONTROL
campo de control 000040018
005 - FECHA Y HORA DE LA ÚLTIMA TRANSACCIÓN
campo de control 20201002033852.0
008 - DATOS DE LONGITUD FIJA--INFORMACIÓN GENERAL
campo de control de longitud fija 130802s2007 mx 000 0 spa d
020 ## - NÚMERO INTERNACIONAL ESTÁNDAR DEL LIBRO
Número Internacional Estándar del Libro 9789703204724
040 ## - FUENTE DE LA CATALOGACIÓN
Centro catalogador/agencia de origen DO-SdBNP
Lengua de catalogación spa
Centro/agencia transcriptor BNPHU
100 1# - ENTRADA PRINCIPAL--NOMBRE DE PERSONA
Nombre de persona Roa Bárcena, José María,
Fechas asociadas al nombre 1827-1908
9 (RLIN) 66249
245 10 - MENCIÓN DE TÍTULO
Título De la leyenda al relato Fantástico /
Mención de responsabilidad, etc. José María Roa ; edición e introducción Rafael Olea Franco,.
260 ## - PUBLICACIÓN, DISTRIBUCIÓN, ETC.
Lugar de publicación, distribución, etc. México :
Nombre del editor, distribuidor, etc. Universidad Nacional Autónoma de México,
Fecha de publicación, distribución, etc. 2007.
300 ## - DESCRIPCIÓN FÍSICA
Extensión 87 p. ;
Dimensiones 18 cm.
490 1# - MENCIÓN DE SERIE
Mención de serie Relato Licenciado Vidriera
Designación de volumen o secuencia 47
700 1# - PUNTO DE ACCESO ADICIONAL--NOMBRE DE PERSONA
Nombre de persona Olea Franco, Rafael,
9 (RLIN) 66250
830 #0 - PUNTO DE ACCESO ADICIONAL DE SERIE-TÍTULO UNIFORME
Título uniforme Relato Licenciado Vidriera
Designación de volumen o secuencia 47
9 (RLIN) 66234
Holdings
Estado de retiro Estado de pérdida Restricciones de uso No para préstamo Código de colección Localización permanente Ubicación/localización actual Ubicación en estantería Fecha de adquisición Número de inventario Total de préstamos Signatura topográfica completa Código de barras Fecha visto por última vez Precio válido a partir de Tipo de ítem Koha Número de copia
      Excluido de préstamo Monografías: Libros y Folletos General General En catalogación 02.08.2013 LF1   40018-10 25.06.2020 25.06.2020 No se presta  
      Excluido de préstamo Monografías: Libros y Folletos General General En catalogación 02.08.2013 LF1   40018-20 25.06.2020 25.06.2020 No se presta e. 2
    Préstamo interno   Monografías: Libros y Folletos General General En catalogación 02.08.2013 LF1   40018-30 25.06.2020 25.06.2020 Préstamo interno e. 3

Powered by Koha